Integral, measure and ordering /
Salvato in:
| Autori principali: | , |
|---|---|
| Natura: | Libro |
| Lingua: | inglese |
| Pubblicazione: |
Dordrecht :
Kluwer Academic Publishers
1997
|
| Soggetti: | |
| Tags: |
Nessun Tag, puoi essere il primo ad aggiungerne!!
|
MARC
| LEADER | 00000nam a22000003a 4500 | ||
|---|---|---|---|
| 001 | stu9528 | ||
| 005 | 20150617225804.9 | ||
| 008 | 970709s--------ne------------------eng-d | ||
| 020 | |a 0-7923-4566-5 | ||
| 040 | |a STU |b slo | ||
| 041 | 0 | |a eng | |
| 044 | |a ne | ||
| 080 | |a 517.987.1 |7 stu_us_auth*stu6960 | ||
| 100 | 1 | |a Neubrunn, Tibor |4 aut | |
| 245 | 1 | |a Integral, measure and ordering / |c [aut.] Riečan,Beloslav; Neubrunn,Tibor | |
| 260 | |a Dordrecht : |b Kluwer Academic Publishers |c 1997 | ||
| 300 | |a 378 s | ||
| 650 | 7 | |a teória miery |2 stusub | |
| 650 | 7 | |a teória integrálu |2 stusub | |
| 700 | 1 | |a Riečan, Beloslav |4 aut | |
| 996 | |b E81274 |c E*81274 |l EE03 |s P |a 0 |w stu9528_0001 | ||